Is The Game On Xbox Game Pass? - Statistics

General Stats
  • This quiz has been taken 131 times
    71 since last reset
  • The average score is 6 of 16
Answers on the Grid
Answers color-coded by a green-red scale on the quiz's grid according to % correct below.
Phasmophobia
Powerwash Simulator
Minecraft
Madden 26
Forza Horizon 5
Still Wakes The Deep
Ready or Not
Red Dead Redemption 2
High on Life
Avowed
Need For Speed Unbound
Madden 25
Fallout 76
Helldivers 2
Call of Duty Black Ops 6
Call of Duty Black Ops Cold War
Microsoft Flight Simulator
No Man's Sky
Hollow Knight
Gang Beasts
Star Wars Battlefront II
Cyberpunk 2077
Battlefield 6
The Outer Worlds 2
 
Answer Stats
Answer % Correct
Minecraft
94%
Powerwash Simulator
75%
Forza Horizon 5
69%
Fallout 76
44%
Avowed
38%
High on Life
38%
Madden 25
38%
Microsoft Flight Simulator
38%
Call of Duty Black Ops 6
31%
Need For Speed Unbound
31%
Star Wars Battlefront II
31%
Gang Beasts
25%
Madden 26
25%
Hollow Knight
19%
No Man's Sky
6%
The Outer Worlds 2
6%
No matching quizzes found
Score Distribution
Percent of People with Each Score
Percentile by Number Answered
Your Score History
You have not taken this quiz since the last reset